[Event "ENG-ch Schools"]
[Site "Nottingham"]
[Date "2025.06.26"]
[Round "5.4"]
[White "Chen, Eng Jie"]
[Black "Ahmed, Bilal"]
[Result "1-0"]
[WhiteElo "1846"]
[BlackElo "1734"]
[PlyCount "71"]
[EventDate "2025.06.25"]
[EventType "team-swiss"]
[EventRounds "6"]
[EventCountry "ENG"]
[SourceTitle "CB27_2025"]
[SourceDate "2025.07.02"]
[SourceVersion "1"]
[SourceVersionDate "2025.07.02"]
[SourceQuality "1"]
[WhiteTeam "The Latymer"]
[BlackTeam "Queen Elizabeth Hospital"]
[WhiteTeamCountry "ENG"]
[BlackTeamCountry "ENG"]

1. e4 c5 2. Nc3 e6 3. g3 Nf6 4. Bg2 d5 5. d3 Nc6 6. f4 dxe4 7. Nxe4 Be7 8. Be3 0-0 9. Ne2 Nd4 10. c3 Nxe2 11. Qxe2 Qc7 12. 0-0 Rb8 13. g4 Nd5 14. Bd2 b5 15. f5 exf5 16. gxf5 Bb7 17. c4 bxc4 18. dxc4 Nf6 19. Bf4 Qc6 20. Bxb8 Rxb8 21. Rae1 Bf8 22. b3 Qb6 23. Nxf6+ Qxf6 24. Bxb7 Rxb7 25. Qe5 Qg5+ 26. Qg3 Qd2 27. Re8 Qd4+ 28. Qf2 Qd6 29. Qf3 Rb8 30. Rxb8 Qxb8 31. Re1 Qd6 32. Kh1 Qd7 33. Qd5 Qc7 34. Re8 Qf4 35. Rxf8+ Kxf8 36. Qd8# 1-0

[Event "ENG-ch Schools"]
[Site "Nottingham"]
[Date "2025.06.26"]
[Round "6.4"]
[White "Khan, Raayaan"]
[Black "Chen, Eng Jie"]
[Result "0-1"]
[WhiteElo "1674"]
[BlackElo "1846"]
[PlyCount "39"]
[EventDate "2025.06.25"]
[EventType "team-swiss"]
[EventRounds "6"]
[EventCountry "ENG"]
[SourceTitle "CB27_2025"]
[SourceDate "2025.07.02"]
[SourceVersion "1"]
[SourceVersionDate "2025.07.02"]
[SourceQuality "1"]
[WhiteTeam "Altrincham Grammar"]
[BlackTeam "The Latymer"]
[WhiteTeamCountry "ENG"]
[BlackTeamCountry "ENG"]

1. e4 c6 2. d4 d5 3. f3 dxe4 4. fxe4 e5 5. Nf3 Bg4 6. Bc4 Nd7 7. 0-0 Ngf6 8. c3 Bh5 9. Bg5 Bd6 10. Qb3 b5 11. Be2 0-0 12. Qd1 Qb6 13. Nbd2 Bxf3 14. Bxf3 exd4 15. c4 Rfe8 16. cxb5 Qxb5 17. a4 Qxg5 18. Nc4 Bf8 19. e5 Nd5 20. Qxd4 0-1

[Event "ECF Schools-ch"]
[Site "Nottingham"]
[Date "2024.06.28"]
[Round "5.5"]
[White "Chen, Eng Jie"]
[Black "Hartshorn, Harry"]
[Result "1-0"]
[WhiteElo "1718"]
[BlackElo "1442"]
[PlyCount "89"]
[EventDate "2024.06.27"]
[EventType "team-swiss"]
[EventRounds "5"]
[EventCountry "ENG"]
[SourceTitle "EXT 2025"]
[Source "ChessBase"]
[SourceDate "2024.10.14"]
[SourceVersion "1"]
[SourceVersionDate "2024.10.14"]
[SourceQuality "1"]
[WhiteTeam "The Latymer School"]
[BlackTeam "Woodbridge School"]
[WhiteTeamCountry "ENG"]
[BlackTeamCountry "ENG"]

1. e4 c5 2. Nc3 Nc6 3. g3 d6 4. Bg2 g6 5. d3 Bg7 6. Be3 Nf6 7. h3 Rb8 8. Nge2 0-0 9. Qd2 b5 10. 0-0 Qb6 11. Bh6 b4 12. Nd1 Bb7 13. Bxg7 Kxg7 14. Ne3 a5 15. a3 Rfc8 16. f4 Rc7 17. g4 e5 18. g5 Ng8 19. Nd5 Qa7 20. Nxc7 Nce7 21. Nd5 Nxd5 22. exd5 Rc8 23. Qe3 Re8 24. Qf2 Bc8 25. fxe5 Rxe5 26. axb4 Qe7 27. Ng3 Rxg5 28. Rae1 Qb7 29. bxc5 f5 30. cxd6 Qd7 31. Qf4 h6 32. Kh2 Bb7 33. Qe5+ Kh7 34. Qe7+ Nxe7 35. Rxe7+ Kg8 36. Rxd7 Ba6 37. Ra7 Bb5 38. d7 Bxd7 39. Rxd7 Kf8 40. Ne2 Ke8 41. Rh7 Rh5 42. d6 g5 43. Ra1 g4 44. Rxa5 gxh3 45. Ra8# 1-0